Statistics for Top 100 Albums of the 70's

Click here to take the quiz!

General Stats

  • This quiz has been taken 125 times
  • The average score is 26 of 100

Answer Stats

YearArtist#Answer% Correct
1973Pink Floyd70Dark Side Of The Moon
81%
1979Pink Floyd32The Wall
71%
1979The Clash2London Calling
68%
1977Fleetwood Mac41Rumours
68%
1975Pink Floyd36Wish You Were Here
63%
1971Led Zeppelin7Led Zeppelin IV
61%
1975Led Zeppelin95Physical Graffiti
58%
1970The Beatles28Let It Be
55%
1971The Who15Who's Next
55%
1970Led Zeppelin27Led Zeppelin III
53%
1978Van Halen73Van Halen
53%
1976Ramones23Ramones
52%
1977David Bowie1Low
48%
1977The Clash44The Clash
48%
1973Led Zeppelin75Houses Of The Holy
47%
1977Sex Pistols51Never Mind The Bollocks Here's The Sex Pistols
44%
1979Michael Jackson43Off The Wall
44%
1971Joni Mitchell86Blue
42%
1971David Bowie80Hunky Dory
42%
1973David Bowie77Aladdin Sane
39%
1970George Harrison82All Things Must Pass
39%
1972Rolling Stones11Exile On Main Street
39%
1977Television3Marquee Moon
39%
1970Miles Davis18Bitches Brew
37%
1978The Cars62The Cars
37%
1972David Bowie81The Rise And Fall Of Ziggy Stardust And The Spiders From Mars
37%
1971Marvin Gaye49What's Going On
37%
1975Bob Dylan5Blood On The Tracks
35%
1972Nick Drake13Pink Moon
35%
1979Joy Division9Unknown Pleasures
35%
1970Neil Young99After The Gold Rush
34%
1970John Lennon60Plastic Ono Band
34%
1973Iggy & The Stooges83Raw Power
34%
1977Ramones59Rocket To Russia
34%
1970Creedence Clearwater Revival54Cosmo's Factory
32%
1977Iggy Pop64Lust For Life
32%
1977Wire22Pink Flag
32%
1977Suicide39Suicide
32%
1978Blondie76Parallel Lines
31%
1971T. Rex20Electric Warrior
29%
1979Talking Heads31Fear Of Music
29%
1974King Crimson72Red
29%
1977Iggy Pop96The Idiot
29%
1971Pink Floyd67Meddle
27%
1977Elvis Costello37My Aim Is True
27%
1977The Modern Lovers40The Modern Lovers
27%
1973Stevie Wonder26Innervisions
26%
1978Elvis Costello52This Year's Model
26%
1971The Velvet Underground14Loaded
24%
1971Funkadelic17Maggot Brain
23%
1972Neu!25Neu!
23%
1978Kraftwerk92The Man-Machine
23%
1971Can29Tago Mago
21%
1979The Pop Group35Y
21%
1970Nick Drake55Bryter Layter
19%
1970The Stooges12Fun House
19%
1979The Specials42The Specials
19%
1977Kraftwerk6Trans-Europe Express
19%
1977Brian Eno100Before And After Science
18%
1971Sly & The Family Stone4There's A Riot Going On
18%
1975Brian Eno10Another Green World
16%
1972Paul Simon57Paul Simon
16%
1979Wire85154
15%
1973Can56Future Days
15%
1973Herbie Hancock68Head Hunters
15%
1978Various Artists34Saturday Night Fever
15%
1971Leonard Cohen74Songs Of Love And Hate
15%
1971Beach Boys61Surf's Up
15%
1979Gang Of Four8Entertainment!
13%
1973Roxy Music87For Your Pleasure
13%
1971Nilsson84Nilsson Schmilsson
13%
1978Devo89Q: Are We Not Men? A: We Are Devo!
13%
1973Al Green47Call Me
11%
1972Can19Ege Bamyasi
11%
1979Buzzcocks16Singles Going Steady
11%
1978Big Star66Third/Sister Lovers
11%
1970Jimi Hendrix93Band Of Gypsys
10%
1978Wire33Chairs Missing
10%
1974Brian Eno24Here Come The Warm Jets
10%
1972Miles Davis30On The Corner
10%
1974Robert Wyatt98Rock Bottom
10%
1979Throbbing Gristle9120 Jazz Funk Greats
8%
1979XTC38Drums And Wires
8%
1973Faust69Faust IV
8%
1978Steve Reich53Music For 18 Musicians
8%
1974Neil Young65On The Beach
8%
1972Randy Newman79Sail Away
8%
1970Tim Buckley50Starsailor
8%
1977Fela Anikulapo Kuti And Africa '7090Zombie
8%
1977Giorgio Moroder88From Here To Eternity
6%
1972Various Artists97The Harder They Come
6%
1971Miles Davis58A Tribute To Jack Johnson
5%
1975Anikulapo And Africa '7078Expensive Shit
5%
1977The Congos46Heart Of The Congos
3%
1971Serge Gainsbourg21Histoire De Melody Nelson
3%
1973James Brown71The Payback
3%
1974Cluster63Zuckerzeit
3%
1972Miles Davis48Live-Evil
2%
1978Talking Heads45More Songs About Buildings And Floods
0%
1974King Crimson94Starless And The Bible Black
0%

Score Distribution

Percentile by Number Answered

Percent of People with Each Score

Your Score History

You have not taken this quiz